STATISTICAL ANALYSIS IN CLIMATE RESEARCH (Record no. 2178)

000 -LEADER
fixed length control field 00285nam a22000977a 4500
008 - FIXED-LENGTH DATA ELEMENTS--GENERAL INFORMATION
fixed length control field 150904b xxu||||| |||| 00| 0 eng d
020 ## - INTERNATIONAL STANDARD BOOK NUMBER
International Standard Book Number 0521450713
100 ## - MAIN ENTRY--PERSONAL NAME
Personal name STORCH, HANS VON,
245 ## - TITLE STATEMENT
Title STATISTICAL ANALYSIS IN CLIMATE RESEARCH
260 ## - PUBLICATION, DISTRIBUTION, ETC. (IMPRINT)
Place of publication, distribution, etc. NEW YORK;
Name of publisher, distributor, etc. CAMBRIDGE UNIVERSITY PRESS.
Date of publication, distribution, etc. 1998

No items available.

IRDP © 2019 :: Managed by IRDP ICT Unit